Selfish Waltz - ATEEZ - Statistics

General Stats
  • This quiz has been taken 4 times
  • The average score is 38 of 54
Answer Stats
Hint Answer % Correct
a
100%
and
100%
i
100%
i
100%
you
100%
you
100%
you
100%
you
100%
acting
67%
be
67%
cant
67%
crazy
67%
describe
67%
dont
67%
(MG) butakiya dont
67%
feel
67%
gone
67%
hey
67%
just
67%
know
67%
know
67%
know
67%
like
67%
like
67%
gata dolgo tto dora tto jejarie (JH)
kkeunnaji anneun i eumage matchweo chumchune
jeonjaeng gateun uri
love
67%
gata dolgo tto dora tto jejarie (JH)
kkeunnaji anneun i eumage matchweo chumchune
jeonjaeng gateun uri
love
67%
gata dolgo tto dora tto jejarie (YS)
kkeunnaji anneun i eumage matchweo chumchune
jeonjaeng (YS and JH) gateun uri
love
67%
(WY)
maebeon ttokkata
machi machi
oh
67%
(WY)
maebeon ttokkata
machi machi
oh
67%
(HJ) amugeotto aniran deut
geujeo urineun chumeul chumyeo bameul bonaego
eokjiseureoun sonjise ppeonhan chumsawi
daeum Stepeun muimihangeol
daraoreul geot hana eopseo
i mudohweneun mumigeonjo
maengmokjeogeuro oneuldo tto banbokhae
(YH) maebeon ttokkata urimane (WY) machi machi
oh
67%
oh
67%
oh
67%
quiet
67%
say
67%
so
67%
song
67%
song
67%
song
67%
surrender
67%
that
67%
waltz
67%
waltz
67%
waltz
67%
we
67%
we
67%
we
67%
(YS) dashi eongmangi dwaega (SN) jeonjaeng gata oneul bamdo (YH) gudeobeorin nunbit why
67%
why
67%
word
67%
(SH) baeteonaeji seoroege sshitji mothal nalkaroun mal (SN)
nuneul gariji igishimi
machi saranghan jeok eoptan deushi (YS) huhwehal geol almyeonseo
yeah
67%
wae hwaga na isseo?
majchulsurok deo eogeutnaneun geol nado michigesseo
eotteoke haeya dweljido moreugesseo
i jidokhan sarangeun urireul jjitgo buchyeonwa
kkeuteomneun gulleeseo beoseonaji mothago
gyeoteul maemdolgo isseo (SH)
nuneul gariji igishimi (igishimi)
machi saranghan jeok eoptan deushi (YS) huhwehal geol almyeonseo
yeah
67%
yeah~
67%
aggressive
33%
we've
33%
No matching quizzes found
Score Distribution
Percent of People with Each Score
Percentile by Number Answered
Your Score History
You have not taken this quiz